000 00379nam a2200157Ia 4500
008 230312s9999||||xx |||||||||||||| ||und||
020 _a0-19-508767-4
082 _a658
_bKAY-W
100 _aKay;John
245 0 _aWhy Firms Succeed
260 _bOxford University Press
_aUSA
_c1995
300 _a315
546 _aEng.
650 _aManagement
_vWhy Firms Succeed
942 _cBK
999 _c7109
_d7109